| 000 | 01197cam a2200325 4500 | ||
|---|---|---|---|
| 008 | 000000n2002 000 0 eng u | ||
| 020 | _a0406913471 | ||
| 035 | _a(Sirsi) u105872 | ||
| 041 | _aeng. | ||
| 050 | _a346.4104343 | ||
| 100 | _aMcLoughlin, P. | ||
| 245 | _aCommercial leases and insolvency. | ||
| 250 | _a3rd ed. | ||
| 260 |
_aLondon _bButterworths _c2002 |
||
| 300 |
_axli270p. _c25cm. |
||
| 350 | _a40.00 | ||
| 520 | _aThis text provides an overview of the various procedures available under the insolvency regime and the different contexts within which a lease may operate. A useful tool for commercial landlords, mortgagees of commercial landlords, mortgagees of commercial leases and tenants to help them understand their respective rights and obligations when a tenant defaults in payments through insolvency. | ||
| 650 |
_aInsolvency _96247 |
||
| 650 | _aADMINISTRATION | ||
| 650 | _aBANKRUPTCY | ||
| 650 | _aBUSINESS TENANCIES | ||
| 650 | _aDISTRESS FOR RENT | ||
| 650 | _aLEASES | ||
| 650 | _aLIQUIDATION | ||
| 650 | _aRECEIVERSHIP | ||
| 650 | _aINDEMNITY | ||
| 650 | _aFORFEITURE | ||
| 690 | _aLANDLORD AND TENANT-BUSINESS TENANCIES | ||
| 942 | _n0 | ||
| 999 |
_c100486 _d100486 |
||